|
|
|
|
| LEADER |
000000am a2200000 a 4500 |
| 001 |
A314 |
| 005 |
20230308174510.0 |
| 008 |
991012|1969 ||||||||r|||||||||||spa|| |
| 040 |
|
|
|b spa
|
| 041 |
1 |
|
|a es
|
| 082 |
0 |
|
|a 740
|
| 100 |
1 |
|
|a Freixas, Emilio
|9 77182
|
| 245 |
1 |
1 |
|a Lecciones de dibujo artístico: el dibujo en color
|c Emilio Freixas
|h imp
|
| 264 |
|
|
|a Barcelona
|b Meseguer
|c 1969
|
| 300 |
|
|
|a 136páginas:
|
| 500 |
|
|
|a 1era parte. 6a. parte
|
| 650 |
1 |
|
|a Dibujo artistico
|9 7090
|
| 650 |
1 |
|
|a Dibujo en color
|9 77183
|
| 852 |
|
|
|a UC-YANUNCAY
|c SALA 2 ARTES
|f Compra
|k Eduran
|l 1
|m General
|p 19910125
|q 0,00
|t A314
|b 0
|d CDRY
|e CDRY
|g 740 SALA 2 ARTES
|z 1991-10-12
|
| 942 |
|
|
|c BK
|0 1
|
| 999 |
|
|
|c 46762
|d 46762
|